| 000 | 00377nam a22001337a 4500 | ||
|---|---|---|---|
| 999 |
_c23867 _d23867 |
||
| 003 | NUST | ||
| 008 | 140423b xxu||||| |||| 00| 0 eng d | ||
| 038 | _aNusrat Nadeem | ||
| 082 | _a005.8 | ||
| 100 |
_a M.King,Christopher _921536 |
||
| 245 |
_aSecurity architecture : design, deployment, and operations _cChristopher M.King, |
||
| 538 | _iSupercomputing Lab | ||
| 942 |
_2ddc _cBK |
||